History Quiz

Random History or Clickable Quiz
Score 0/16 Timer 05:00
5 Plays Today
% Correct
gunpowder|fireworks
89.2%
silk
86.8%
noodles
84%
tea
83.9%
kite
75%
paper
74.1%
compass
65.2%
crossbow
65%
% Correct
wheelbarrow
61.9%
fishing reel
59.3%
cast iron
55.5%
bells
54.2%
rowing oar
54.2%
banknote
54.1%
movable type|printing
52.7%
nail polish
45%
Remove Ads.
Support Sporcle.
Get the best of Sporcle when you Go Orange. This ad-free experience offers more features, more stats, and more fun while also helping to support Sporcle. Thank you for becoming a member.

You're not logged in!

Compare scores with friends on all Sporcle quizzes.
OR
Log In

Show Comments

Extras

Top Quizzes Today


Score Distribution

Your Account Isn't Verified!

In order to create a playlist on Sporcle, you need to verify the email address you used during registration. Go to your Sporcle Settings to finish the process.

Report this User

Report this user for behavior that violates our Community Guidelines.

Details: